| 000 | 00538nam a2200181 a 4500 | ||
|---|---|---|---|
| 005 | 20140412111225.0 | ||
| 008 | 020410s19uu xx 00 eng d | ||
| 020 | _a0-19-838125-5 | ||
| 050 |
_aTR(GS 507 _bH34 1994 |
||
| 100 | _aHall, Godfrey | ||
| 245 |
_aAt home with science 1, ages 5-7 / _cGodfrey Hall. |
||
| 260 |
_aOxford : _bOxford University Press, _c1994. |
||
| 300 | _a64 p. ; ill. | ||
| 440 | _aNew Oxford Workbooks | ||
| 500 | _aNational Curriculum, ages 5-7 | ||
| 650 |
_aScience _xJuvenile literature |
||
| 999 |
_c102029 _d102029 |
||